| 000 | 00970cam a2200241 4500 | ||
|---|---|---|---|
| 001 | C60943 | ||
| 008 | 000000n2000 000 0 eng u | ||
| 035 | _a(Sirsi) u104812 | ||
| 041 | _aeng | ||
| 050 | _a692.9 | ||
| 110 |
_aJoint Contracts Tribunal _93664 |
||
| 245 | _aStandard form of prime cost contract 1998 edition: Amendment 2 and guidance notes isssued January 2000 | ||
| 260 |
_aLondon _bRIBA Publications _c2000 |
||
| 300 | _a8p. ; 30cm. | ||
| 490 |
_aJCT Standard Form of Prime Cost Contract 1998 Edition _vAmendment 2 |
||
| 650 | _aBUILT ENVIRONMENT-BUILDING CONTRACT FORMS-PRIME COST CONTRACT FORMS | ||
| 650 | _aBUILT ENVIRONMENT-BUILDING CONTRACT FORMS | ||
| 650 | _aJCT STANDARD FORM OF BUILDING CONTRACT (1998 EDITION) | ||
| 650 | _aPCC 1998 | ||
| 650 | _aBUILT ENVIRONMENT-BUILDING CONTRACT FORMS-STANDARD FORMS OF BUILDING CONTRACT-JOINT CONTRACTS TRIBNUAL CONTRACTS | ||
| 690 | _aBUILT ENVIRONMENT-BUILDING CONTRACT FORMS | ||
| 942 | _n0 | ||
| 999 |
_c100287 _d100287 |
||